Supply chain logistics management / (Record no. 5842)

MARC details
000 -LEADER
fixed length control field 00649 a2200205 4500
010 ## - LCCN (DPL NO)
LC control number ENG-87041
020 ## - INTERNATIONAL STANDARD BOOK NUMBER
International Standard Book Number 0070667039
Terms of availability 350.00
035 ## - SYSTEM CONTROL NUMBER
System control number EN-70574
037 ## - SOURCE OF ACQUISITION
Source of stock number/acquisition DBAD / PUB
082 14 - DEWEY DECIMAL CLASSIFICATION NUMBER
Classification number 658.5
100 1# - MAIN ENTRY--PERSONAL NAME
Personal name Bowersox, Donald
245 1# - TITLE STATEMENT
Title Supply chain logistics management /
Statement of responsibility, etc by Donald J Bowersox, David J. Closs [and] M. Bixby Cooper
260 ## - PUBLICATION, DISTRIBUTION, ETC. (IMPRINT)
Place of publication, distribution, etc New Delhi
Name of publisher, distributor, etc Tata McGraw-Hill Publishing
Date of publication, distribution, etc 2008
270 ## - ADDRESS
Address 7, West Patel Nagar,
City New Delhi
Postal code 110 008
300 ## - PHYSICAL DESCRIPTION
Extent xvi, 411 p
Dimensions 24 cm (Pbk)
500 ## - GENERAL NOTE
General note Includes index
700 1# - ADDED ENTRY--PERSONAL NAME
Personal name Closs, David J.
700 1# - ADDED ENTRY--PERSONAL NAME
Personal name Cooper, M.Bixby
942 ## - ADDED ENTRY ELEMENTS (KOHA)
Institution code [OBSOLETE] dpl
Item type English Books
Source of classification or shelving scheme Dewey Decimal Classification
Classification part 658.5
Call number suffix BOW
Holdings
Withdrawn status Lost status Not for loan Collection code Home library Current library Source of acquisition Cost, normal purchase price Full call number Barcode Copy number Cost, replacement price Koha item type
    Not For Loan Non-fiction D.B.Act.Division D.B.Act.Division DBAD/PUB 350.00 658.5 BOW EN-70574 1 350.00 English Books

© Delhi Public Library
Hit Counter
free hit counter